Infographics

Збережено в:
Бібліографічні деталі
Формат: Книга
Мова:Англійська
Опубліковано: Boston Mariner Books 2013
Серія:The Best American
Предмети:
Теги: Додати тег
Немає тегів, Будьте першим, хто поставить тег для цього запису!

MARC

LEADER 00000cam a2200000 a 4500
001 UCF9671
003 CL-VaPUC
008 131206e20130000us |||||||||||||||||eng|d
020 |a 9780547973371 
082 0 4 |a 741.6  |b INF  |2 21 
245 1 0 |a Infographics 
300 |a 165 p 
942 |c BK 
945 |d 20131206 11:14:00  |a dcastane 
260 |a Boston  |b Mariner Books  |c 2013 
650 0 |a Diseño gráfico  |9 266874 
650 0 |a Infografía   |9 436095 
650 0 |a Información visual  |9 569897 
650 7 |a LENGUAJE ESQUEMATICO  |2 CL-VaPUC  |9 569898 
583 |a last modification  |c 20131217 04:10:24  |k Rodrigo Vera 
490 0 |a The Best American 
999 |c 354086  |d 354084 
952 |0 0  |1 0  |3 erb  |4 0  |6 741_600000000000000_INF_2013  |7 0  |8 A  |9 459736  |a BIBARQ  |b BIBARQ  |i 5032407  |l 12  |m 4  |o 741.6 INF 2013  |p 5032407  |q 2025-05-13  |r 2025-05-06  |s 2025-05-06  |w 2019-11-23  |y BK  |z Catalogado en:20131206  |k ARQ